Die Wirtschaftsreform in der DDR und ihre Ursachen (Record no. 7105)

MARC details
000 -LEADER
fixed length control field 00598nam a22002057i 4500
001 - CONTROL NUMBER
control field 8492
003 - CONTROL NUMBER IDENTIFIER
control field OSt
005 - DATE AND TIME OF LATEST TRANSACTION
control field 20170126082411.0
007 - PHYSICAL DESCRIPTION FIXED FIELD--GENERAL INFORMATION
fixed length control field tu
008 - FIXED-LENGTH DATA ELEMENTS--GENERAL INFORMATION
fixed length control field 161220s1972 xxu||||| |||| 00| 0 d
020 ## - INTERNATIONAL STANDARD BOOK NUMBER
International Standard Book Number 3-16-334031-8
024 7# - OTHER STANDARD IDENTIFIER
Standard number or code 8492
Source of number or code RID
040 ## - CATALOGING SOURCE
Transcribing agency OSt
100 1# - MAIN ENTRY--PERSONAL NAME
Personal name Krol, Gerd-Jan
245 00 - TITLE STATEMENT
Title Die Wirtschaftsreform in der DDR und ihre Ursachen
Remainder of title Erfahrungen mit der administrativen Steuerungskonzeption
260 ## - PUBLICATION, DISTRIBUTION, ETC.
Place of publication, distribution, etc. Tübingen :
Name of publisher, distributor, etc. J. C. B. Mohr,
Date of publication, distribution, etc. 1972.
300 ## - PHYSICAL DESCRIPTION
Extent IX, 220 S.
490 ## - SERIES STATEMENT
Series statement Schriften zur Kooperationsforschung. A. Studien
Volume/sequential designation Bd. 4
651 ## - SUBJECT ADDED ENTRY--GEOGRAPHIC NAME
Geographic name German Democratic Republic
942 ## - ADDED ENTRY ELEMENTS (KOHA)
Koha item type Book
Holdings
Withdrawn status Lost status Damaged status Not for loan Home library Current library Shelving location Date acquired Inventory number Total Checkouts Full call number Barcode Date last seen Price effective from Koha item type
        WIIW WIIW Souterrain 08/22/2013 8492   I-57 10005775 01/26/2017 01/26/2017 Book
The Vienna Instiute for International Economic Studies (wiiw)